000 00780nam a2200241Ia 4500
001 8950
003 GE_BSU
008 181216s||||||||xx |||||||||||||| ||und||
040 _cGE_BSU
080 _a821.353.1–31
100 _aკიკნაძე,ალექსანდრე
245 _aფონი არაგონზე
245 _bრომანი
245 _cრედ.მარინე სოხაძე,მხატვ. ნ.ჭურხულია
250 _a1-ლი გამოც.
260 _aთბილისი
260 _bსაბჭოთა საქართველო
260 _c1977
300 _a271გვ.20სმ.
653 _aრომანი
653 _aფონი არაგონზე
942 _cBK
999 _c42255
_d42255